00361nam a2200109Ia 4500008004100000020001800041100002100059245009000080260004700170300002100217650001300238191129s9999 xx 000 0 und d a9789717240367 aMaxwell, John C. cJohn C. MaxwellaBe all you can be:ba challenge to stretch your God-given potential/ aManila:bChristian Growth Ministriesc2018 a180 p. ;c18 cm. aReligion